แสดงรายละเอียดบรรณานุกรม
  กลับหน้าหลัก

Brief Record : Get Marc (ISO 2709) : E-mail record : QR code ปิดหน้าต่าง
LEADER 00000nam 2200000uu 4500
008    130117s2555||||th 000 0 tha d
041 0  ^atha
060  4 ^aวพ WG201 ส833ป 2555
100 0  ^aสุเพียร โภคทิพย์.
245 00 ^aรายงานวิทยานิพนธ์เรื่อง ประสบการณ์ชีวิตของผู้หญิงอีสานที่เป็นโรคกล้ามเนื้อหัวใจตาย./^bสุเพียร โภคทิพย์.
260    ^aขอนแก่น : ^bมหาวิทยาลัยขอนแก่น,^c2555
300    ^a[ก]-ฌ,343 หน้า.
500    ^aวิทยานิพนธ์ (ปร.ด) - - สาขาวิชาการพยาบาล บัณฑิตวิทยาลัย มหาวิทยาลัยขอนแก่น,2555.
650  0 ^aหัวใจ,โรค
650  0 ^aโรคกล้ามเนื้อหัวใจตาย
650  0 ^aดุษฎีนิพนธ์.
710 2  ^aมหาวิทยาลัยขอนแก่น.
999    ^aใช้งานได้ทุกระบบ
รายการนี้ยังไม่มีแท็ก
คุณยังไม่ได้ล็อกอิน คุณสามารถมีกิจกรรมร่วมกับเว็บไซต์ได้ แต่ต้องล็อกอินก่อน ::
  ล็อกอิน
ลำดับที่ ประเภท เลขเรียก สถานที่ สถานะ
1. วิทยานิพนธ์
วิทยานิพนธ์
วพ WG201 ส833ป 2555  
  
ชั้นหนังสือวิทยานิพนธ์ On Shelf
  ขอยืม
   [แสดง 1/1 รายการ]

รายการใกล้เคียง
    หัวเรื่อง [หัวใจ,โรค]

BibComment


ยังไม่เคยถูกคอมเมนท์

คอมเมนท์ทรัพยากรรายการนี้
  คอมเมนท์: รายงานวิทยานิพนธ..
Bib 208823

 
 
 

 Union Library Management : ULibM
Copyright 2026. All Rights Reserved.
скачать бесплатно без регистрации порно красивый секс HD Sex Hindi sex

xxx gou

xxxx

bfxxx

xxxwww

Секса Видео

xxxx

Секса Видео

detube

geilexxx

C99 Shell

worms shell

blod xxx video
Ebony Coed Rihanna Rimes Takes A Dick In Her Young Twat priyaa indian fuck anal and pusssy hardcore indian women xxx desi hardcore fucking part 1 bengalixxxcouple